100 Największych Nowel wszech czasów - Statystyki

Ogólne statystyki
  • Ten quiz został rozwiązany 226 razy
  • Średni wynik to 14 z 100
Statystyki odpowiedzi
Autor Tytuł % Poprawnych
Fiodor Dostojewski Zbrodnia i Kara
85%
J.K. Rowling Harry Potter i Kamień Filozoficzny
72%
George Orwell Folwark zwierzęcy
66%
Franz Kafka Proces
65%
Joseph Conrad Jądro Ciemności
55%
Lew Tołstoj Anna Karenina
52%
Lew Tołstoj Wojna i Pokój
50%
Miguel de Cervantes Przemyślny szlachcic Don Kichote z Manczy
45%
Jane Austen Duma i Uprzedzenie
42%
Arthur Conan Doyle Pies Baskervillów
42%
Victor Hugo Nędznicy
40%
George Orwell 1984
38%
Fiodor Dostojewski Bracia Karamazow
38%
Fiodor Dostojewski Idiota
33%
Gustave Flaubert Pani Bovary
32%
James Joyce Ulisses
32%
Ernest Hemingway Komu Bije Dzwon
31%
Marcel Proust W poszukiwaniu straconego czasu
31%
Emily Brone Wichrowe Wzgórza
30%
Thomas Mann Czarodziejska Góra
29%
Gabriel Garcia Marquez Sto lat samotności
29%
F. Scott Fitzgerald WIelki Gatsby
29%
Honore de Balzac Ojciec Goriot
28%
J.D. Salinger Buszujący w Zbożu
26%
Joseph Conrad Lord Jim
26%
Herman Melville Moby Dick
26%
Mary Shelley Frankenstein
25%
Charles Dickens Oliver Twist
24%
Fiodor Dostojewski Biesy
23%
Stendhal Czerwone i Czarne
22%
Charles Dickens David Copperfield
17%
Frank Herbert Diuna
17%
John Steinbeck Grona Gniewu
17%
John Steinbeck Myszy i Ludzie
17%
Jane Austen Emma
15%
Charlotte Bronte Jane Eyre
14%
Charles Dickens Opowieść o Dwóch Miastach
12%
Mark Twain Przygody Hucka Finna
12%
Ken Kesey Lot nad Kukułczym Gniazdem
10%
Virginia Woolf Pani Dalloway
9%
Charles Dickens Wielkie Nadzieje
9%
Fiodor Dostojewski Gracz
8%
William Thackeray Targowisko Próżności
8%
Jack Kerouac W drodze
8%
Henry James Portret Damy
7%
Nathaniel Hawthorne Szkarłatna litera
7%
Truman Capote Z Zimną Krwią
7%
James Fenimore Cooper Ostatni mohikanin
6%
William Faulkner Absalomie, Absalomie!
5%
Joseph Conrad Nostromo
5%
Ivan Turgenev Ojcowie i dzieci
5%
Charles Dickens Samotnia
4%
William Faulkner Wściekłość i Wrzask
4%
Virginia Woolf Do latarni morskiej
3%
Rudyard Kipling Kim
3%
George Eliot Miasteczko Middlemarch
3%
Ian McEwan Pokuta
3%
Philip K. Dick Ubik
3%
Agatha Christie Zabójstwo Rogera Ackroyda
3%
Henry James Amerykanin
2%
Thomas Mann Buddenbrookowie
2%
Henry James Daisy Miller
2%
William Faulkner Kiedy umieram
2%
John Fowles Kochanica Francuza
2%
Lew Tołstoj Sonata Kreutzerowska
2%
Thomas Pynchon Tęcza Grawitacji
2%
Thomas Hardy Tessa d'Urberville
2%
Henry Fielding Tom Jones
2%
Laurence Sterne Życie i Myśli pana Tristrama Shandy
2%
Philiph Roth Amerykańska Sielanka
1%
William Gibson Neuromancer
1%
Ralph Ellison Niewidzialny człowiek
1%
Thomas Hardy Powrót na wrzosowisko
1%
Edgar Allan Poe Przygody Artura Gordona Pyma
1%
Ernest Hemingway Słońce też wschodzi
1%
Henry James Ambasadorowie
0%
Vladimir Nabokov Blady Ogień
0%
Nathanael West Dzień szarańczy
0%
Martin Amis Forsa
0%
Raymond Chandler Głęboki Sen
0%
David Foster Wallace Infinite Jest
0%
Kinglsey Amis Jim Szczęściarz
0%
Jonathan Franzen Korekty
0%
Robert Heinlein Luna to surowa pani
0%
Hermann Broch Lunatycy
0%
Nathanael West Miss Lonelyhearts
0%
Graham Greene Moc i Chwała
0%
Evelyn Waugh Powrót do Brideshead
0%
Saul Bellow Przypadki Augiego Marcha
0%
Stendhal Pustelna parmeńska
0%
Zane Grey RIders of the Purple Sage
0%
George Eliot Silas Marner
0%
Henry James Skrzydła gołębicy
0%
Lew Tołstoj Śmierć Ivana Iljicza
0%
Willa Cather Śmierć przychodzi po arcybiskupa
0%
Henry James The Spoils of Poynton
0%
Jonathan Lethem Twierdza samotności
0%
Thomas Hardy Więzy Miłości / Juda nieznany
0%
V.S. Naipaul Zakręt Rzeki
0%
Henry James Złota czara
0%
Nie znaleziono quizów pasujących do podanych kryteriów
Rozkład punktacji
Procent ludzi z każdym wynikiem
Percentyl według liczby udzielonych odpowiedzi
Twoja historia wyników
Nie rozwiązałeś tego quizu